Sports Quiz

Random Sports or MLB Quiz

2011 Tampa Bay Rays Quiz Stats

Quiz not verified by Sporcle

Challenge
Share
Tweet
Embed
Score 0/42 Timer 08:00
0 Plays Today
Number Player % Correct
2B.J. Upton
98%
3Evan Longoria
98%
14David Price
91.4%
18Ben Zobrist
90.7%
33James Shields
85.4%
8Desmond Jennings
79.5%
22Johnny Damon
77.5%
1Sean Rodriguez
76.8%
20Matt Joyce
76.2%
9Elliot Johnson
74.8%
24/29Dan Johnson
74.2%
28John Jaso
72.8%
10Kelly Shoppach
70.2%
11Casey Kotchman
70.2%
58Jeremy Hellickson
70.2%
43Kyle Farnsworth
69.5%
34Jeff Niemann
67.5%
55Matt Moore
67.5%
40Wade Davis
66.2%
5Sam Fuld
62.3%
15Reid Brignac
62.3%
Number Player % Correct
24Manny Ramirez
55%
74J.P Howell
49%
62Joel Peralta
45.7%
31Jose Lobaton
37.1%
21Andy Sonnanstine
35.1%
53Alex Cobb
35.1%
57Jake McGee
32.5%
47Brandon Gomes
28.5%
30Brandon Guyer
27.2%
38Robinson Chirinos
27.2%
27/55Cesar Ramos
25.2%
37Juan Cruz
25.2%
16Justin Ruggiano
23.8%
45Felipe Lopez
22.5%
56Alexander Torres
21.2%
49Dane de la Rosa
17.2%
36Adam Russell
16.6%
45Russ Canzler
14.6%
54Mike Ekstrom
9.9%
51Jay Buente
6.6%
55Rob Delaney
6.6%

You're not logged in!

Compare scores with friends on all Sporcle quizzes.
Join for Free
OR
Log In

You Might Also Like...

Show Comments

Extras

Top Quizzes Today


Score Distribution

Your Account Isn't Verified!

In order to create a playlist on Sporcle, you need to verify the email address you used during registration. Go to your Sporcle Settings to finish the process.

Report this User

Report this user for behavior that violates our Community Guidelines.

Details: